00705nam a2200169 a 450000100100000000500170001000800410002704000250006808200150009324500990010826000470020730000190025449000590027350000790033250400650041183000590047600003159620200930063036.0110628s1951 xxu 000 0 spa d aDO-SdBNPbspacBNPHU axxxxbE24c00aEducation :bcooperative program in the Dominican Republic additional financial contributions. aWashington :bDepartament of State,c1951. a4 p. ;c23 cm.1 aTreaties and other international acts seriesvno. 2375 aAgreement between the United States of America and the Dominican Republic. aIncluye referencias bibliográficas al pie de las páginas 0aTreaties and other international acts seriesvno. 2375